Japan : Dynamic force in the Industrial world

Đã lưu trong:
書目詳細資料
格式: 圖書
語言:Undetermined
出版: Switzerland Union Bank of Switzerland 1972
主題:
標簽: 添加標簽
沒有標簽, 成為第一個標記此記錄!
Thư viện lưu trữ: Trung tâm Học liệu Trường Đại học Cần Thơ
LEADER 00455nam a2200169Ia 4500
001 CTU_96729
008 210402s9999 xx 000 0 und d
082 |a 605 
082 |b J35 
245 0 |a Japan : 
245 0 |b Dynamic force in the Industrial world 
260 |a Switzerland 
260 |b Union Bank of Switzerland 
260 |c 1972 
650 |a Industrial arts 
904 |i Trọng Hải 
980 |a Trung tâm Học liệu Trường Đại học Cần Thơ